Le 7 qui Prend - Statistiques

Statistiques générales
  • Ce quiz a été pris 8 fois
  • Le résultat moyen est 7 sur 15
Statistiques - réponses
Hint Réponse % Correct
qui reve d'avoir la bourse ? Matteo
83%
le nom de famille de Ayoub Qachchachi
83%
le prénom de la copine de Matteo Élodie
67%
de quel animé est tiré le pull préféré de Léo ? One piece
67%
Quel sport fait Noémie ? Tennis
67%
la marque préféré de Théo ? Von dutch
67%
sur le cv de Léo quelle est son origine ? Pakistanais
50%
Comment s'appelle le petit frère d'Ambre ? Arsen
33%
le prénom de la copine de Léo Bérénice
33%
"J'ai la chance à ..." Gargamel
33%
la marque préféré de Yanis Satyn
33%
Où habite Ayoub ? Val d'Argenteuil
33%
le prénom de la copine de Théo Alice
17%
le prénom du copain de Noémie Ranel
17%
la salle de la bu avec une table de pique nique ? Tu Youyou
0%
Aucun quiz correspondant
Distribution des résultats
% des personnes avec chaque résultat
Percentile par nombre de réponses
Votre historique - résultats
Vous n’avez pas pris ce quiz